Atalanta Squad 2017-2018 - Statistics

General Stats
  • This quiz has been taken 15 times
  • The average score is 21 of 30
Answer Stats
# Position Nation Player % Correct
1 GK Albania Etrit Berisha
100%
33 DF Netherlands Hans Hateboer
100%
6 DF Argentina José Luis Palomino
100%
72 MF Slovenia Josip Iličić
100%
15 MF Netherlands Marten de Roon
100%
10 FW Argentina Papu Gómez
100%
11 MF Switzerland Remo Freuler
100%
8 DF Germany Robin Gosens
100%
5 DF Italy Andrea Masiello
92%
- Coach Italy Gian Piero Gasperini
92%
3 DF Italy Rafael Tolói
92%
95 DF Italy Alessandro Bastoni
83%
9 FW Denmark Andreas Cornelius
83%
27 MF Slovenia Jasmin Kurtić
83%
99 FW Gambia Musa Barrow
83%
91 GK Italy Pierluigi Gollini
83%
21 DF Belgium Timothy Castagne
83%
29 FW Italy Andrea Petagna
67%
31 GK Italy Francesco Rossi
67%
4 MF Italy Bryan Cristante
58%
13 DF Italy Mattia Caldara
50%
93 DF Senegal Boukary Dramé
42%
28 DF Italy Gianluca Mancini
42%
37 MF Italy Leonardo Spinazzola
42%
32 MF Switzerland Nicolas Haas
42%
88 MF Brazil João Schmidt
33%
23 MF Italy Filippo Melegoni
25%
20 FW Italy Luca Vido
25%
7 FW Italy Riccardo Orsolini
25%
19 MF Italy Luca Rizzo
17%
No matching quizzes found
Score Distribution
Percent of People with Each Score
Percentile by Number Answered
Your Score History
You have not taken this quiz